Cléopâtre (Record no. 134669)

MARC details
000 -LEADER
campo de control de longitud fija 00672nam a2200217 i 4500
001 - NÚMERO DE CONTROL
campo de control 134669
003 - IDENTIFICADOR DE NÚMERO DE CONTROL
campo de control ES-MaACL
005 - FECHA Y HORA DE LA ÚLTIMA TRANSACCIÓN
campo de control 20230906194724.0
007 - CAMPO FIJO DE DESCRIPCIÓN FÍSICA--INFORMACIÓN GENERAL
campo de control de longitud fija t|
008 - DATOS DE LONGITUD FIJA--INFORMACIÓN GENERAL
campo de control de longitud fija 070912s1931 fr ||||1| fre d
100 1# - ENTRADA PRINCIPAL--NOMBRE DE PERSONA
Nombre de persona Weigall, Arthur.
9 (RLIN) 116321
245 10 - MENCIÓN DEL TÍTULO
Título Cléopâtre
Resto del título : sa vie et son temps /
Mención de responsabilidad, etc. Arthur Weigall ; traduction de Jean Duren et M. R. Laville.
260 ## - PUBLICACIÓN, DISTRIBUCIÓN, ETC.
Lugar de publicación, distribución, etc. Paris :
Nombre del editor, distribuidor, etc. Payot,
Fecha de publicación, distribución, etc. 1931 (
Fabricante Vannes Lafolye)
300 ## - DESCRIPCIÓN FÍSICA
Extensión 347 p. :
Otras características físicas il. ;
Dimensiones 23 cm.
490 1# - MENCIÓN DE SERIE
Mención de serie Bibliothéque historique
700 1# - ENTRADA AGREGADA--NOMBRE PERSONAL
Nombre de persona Duren, Jean.
9 (RLIN) 46287
700 1# - ENTRADA AGREGADA--NOMBRE PERSONAL
Nombre de persona Laville, R.
9 (RLIN) 70723
830 0# - PUNTO DE ACCESO ADICIONAL DE SERIE-TÍTULO UNIFORME
Título uniforme Bibliothéque historique
9 (RLIN) 180899
852 ## - LOCALIZACIÓN
Ubicación ES-MaACL
Número de control de estantería A-1980
Holdings
Estatus retirado Estado de pérdida Estado de daño No para préstamo Biblioteca de origen Biblioteca actual Ubicación en estantería Fecha de adquisición Fuente de adquisición Total de préstamos Signatura topográfica completa Código de barras Visto por última vez Precio de reemplazo Tipo de ítem Koha
        Biblioteca del Ateneo de Madrid Biblioteca del Ateneo de Madrid Sala Pecera Planta 1 17/01/2008     A-1980 1140173 23/02/2023 23/02/2023 Libro impreso